书目信息 |
| 题名: |
次中音号培训标准教程
|
|
| 作者: | 娄润良 主编 | |
| 分册: | 初级 | |
| 出版信息: | 北京 蓝天出版社 2013 |
|
| 页数: | 10, 182页 | |
| 开本: | 29cm | |
| 丛书名: | 军地俱乐部丛书 | |
| 单 册: | ||
| 中图分类: | J621.96 | |
| 科图分类: | ||
| 主题词: | 中音号--吹奏法--教材 , 中音号 , 吹奏法 | |
| 电子资源: | ||
| ISBN: | 978-7-5094-0179-8 | |
| 000 | 00905oam2 2200289 450 | |
| 001 | 339735 | |
| 005 | 20150608154856.59 | |
| 010 | @a978-7-5094-0179-8@dCNY25.00 | |
| 100 | @a20090717d2009 em y0chiy50 ea | |
| 101 | 0 | @achi |
| 102 | @aCN@b110000 | |
| 105 | @aag z 000yy | |
| 106 | @ar | |
| 200 | 1 | @a次中音号培训标准教程@Aci zhong yin hao pei xun biao zhun jiao cheng@i初级@f娄润良主编 |
| 210 | @a北京@c蓝天出版社@d2013 | |
| 215 | @a10, 182页@c图@d29cm | |
| 225 | 2 | @a军地俱乐部丛书 |
| 300 | @a管乐队同步系列教材 | |
| 330 | @a本书共分四十课, 内容包括次中音号乐器介绍、音乐基础常识、次中音号的基本吹奏方法、次中音号的演奏姿势等。 | |
| 410 | 0 | @12001 @a军地俱乐部丛书 |
| 606 | 0 | @a中音号@x吹奏法@j教材 |
| 606 | 0 | @a中音号 |
| 606 | 0 | @a吹奏法 |
| 690 | @aJ621.96@v5 | |
| 701 | 0 | @a娄润良@Alou run liang@f(1955.12-)@4主编 |
| 801 | 0 | @aCN@b卓展宏图@c20150525 |
| 905 | @dJ621.96@e247@f4 | |
| 次中音号培训标准教程.初级/娄润良主编.-北京:蓝天出版社,2013 |
| 10, 182页:图;29cm.-(军地俱乐部丛书) |
| 管乐队同步系列教材 |
| ISBN 978-7-5094-0179-8:CNY25.00 |
| 本书共分四十课, 内容包括次中音号乐器介绍、音乐基础常识、次中音号的基本吹奏方法、次中音号的演奏姿势等。 |
| ● |
| 相关链接 |
|
|
|
|
正题名:次中音号培训标准教程
索取号:J621.96/247
 
预约/预借
| 序号 | 登录号 | 条形码 | 馆藏地/架位号 | 状态 | 备注 |
| 1 | 863847 | 208638474 | 第一样本阅览室/ [索取号:J621.96/247] | 在馆 | |
| 2 | 863848 | 208638483 | 密集书库-音乐系/ [索取号:J621.96/247] | 在馆 | |
| 3 | 863849 | 208638492 | 第一借阅区/ [索取号:J621.96/247] | 在馆 | |
| 4 | 863850 | 208638508 | 第一借阅区/ [索取号:J621.96/247] | 在馆 |